Southville International School and Colleges
Your cart is empty.
  • Cart
  • Lists
    Public lists Eva Luna New books Lux_list list_1
    Your lists Log in to create your own lists
  • Log in to your account
  • Your cookies
  • Search history
Southville International School and Colleges
  • Advanced search
  • Recent comments
  • Most popular
  • Libraries

Log in to your account

Log in with GOOGLE


If you do not have an external account, but do have a local account, you can still log in:

  1. Home
  2. MARC view: Filipinos and their revolution :
Normal view MARC view ISBD view

Filipinos and their revolution : (Record no. 19019)

[ view plain ]
MARC details
000 -LEADER
fixed length control field 01266cam a2200361 a 4500
001 - CONTROL NUMBER
control field 197030
003 - CONTROL NUMBER IDENTIFIER
control field OSt
005 - DATE AND TIME OF LATEST TRANSACTION
control field 20140310183126.0
008 - FIXED-LENGTH DATA ELEMENTS--GENERAL INFORMATION
fixed length control field 990506s1998 ph b 001 0 eng
010 ## - LIBRARY OF CONGRESS CONTROL NUMBER
LC control number 98947857
020 ## - INTERNATIONAL STANDARD BOOK NUMBER
International Standard Book Number 9715502946
037 ## - SOURCE OF ACQUISITION
Source of stock number/acquisition Library of Congress -- Jakarta Field Office
Terms of availability P285.00
040 ## - CATALOGING SOURCE
Original cataloging agency DLC
Transcribing agency DLC
Modifying agency DLC
042 ## - AUTHENTICATION CODE
Authentication code lcode
043 ## - GEOGRAPHIC AREA CODE
Geographic area code a-ph---
050 00 - LIBRARY OF CONGRESS CALL NUMBER
Classification number DS 676
Item number .I27 1998
082 00 - DEWEY DECIMAL CLASSIFICATION NUMBER
Classification number FIL 959.9026
-- I27 1998
100 1# - MAIN ENTRY--PERSONAL NAME
Personal name Ileto, Reynaldo Clemeña.
245 10 - TITLE STATEMENT
Title Filipinos and their revolution :
Remainder of title event, discourse, and historiography /
Statement of responsibility, etc by Reynaldo C. Ileto.
260 ## - PUBLICATION, DISTRIBUTION, ETC. (IMPRINT)
Place of publication, distribution, etc Quezon City :
Name of publisher, distributor, etc Ateneo de Manila University Press,
Date of publication, distribution, etc c1998.
300 ## - PHYSICAL DESCRIPTION
Extent xiii, 300 p. ;
Dimensions 23 cm.
440 #0 - SERIES STATEMENT/ADDED ENTRY--TITLE
Title Centennial of the revolution
504 ## - BIBLIOGRAPHY, ETC. NOTE
Bibliography, etc Includes bibliographical references (p. 285-295) and index.
521 ## - TARGET AUDIENCE NOTE
Target audience note
526 ## - STUDY PROGRAM INFORMATION NOTE
Reading level 880L for College - 1210-1700L
541 ## - IMMEDIATE SOURCE OF ACQUISITION NOTE
-- 1
562 ## - COPY AND VERSION IDENTIFICATION NOTE
Number of copies 1
651 #0 - SUBJECT ADDED ENTRY--GEOGRAPHIC NAME
Geographic name Philippines
General subdivision History
Chronological subdivision Revolution, 1896-1898.
651 #0 - SUBJECT ADDED ENTRY--GEOGRAPHIC NAME
Geographic name Philippines
General subdivision History
Chronological subdivision Revolution, 1896-1898
General subdivision Historiography.
906 ## - LOCAL DATA ELEMENT F, LDF (RLIN)
a 7
b cbc
c origode
d 2
e ncip
f 19
g y-gencatlg
942 ## - ADDED ENTRY ELEMENTS (KOHA)
Source of classification or shelving scheme Library of Congress Classification
Koha item type Books
Call number prefix Filipininana
Holdings
Withdrawn status Lost status Damaged status Home library Current library Shelving location Date acquired Total Checkouts Full call number Barcode Date last seen Date checked out Copy number Price effective from Koha item type
      College Library College Library Filipiniana Section 05/29/2013 1 DS 676 .I27 1998 C14514 08/06/2018 08/06/2018 1 05/29/2013 Books

Filipinos and their revolution :

APA

Ileto R. C., . (1998). Filipinos and their revolution. Quezon City: Ateneo de Manila University Press.

Chicago

Ileto Reynaldo Clemeña, . 1998. Filipinos and their revolution. Quezon City: Ateneo de Manila University Press.

Harvard

Ileto R. C., . (1998). Filipinos and their revolution. Quezon City: Ateneo de Manila University Press.

MLA

Ileto Reynaldo Clemeña, . Filipinos and their revolution. Quezon City: Ateneo de Manila University Press. 1998.

  • Place hold
  • Print
  • Cite
  • Add to your cart (remove)
  • Save record
    BIBTEX Dublin Core MARCXML MARC (non-Unicode/MARC-8) MARC (Unicode/UTF-8) MARC (Unicode/UTF-8, Standard) MODS (XML) RIS
  • More searches
    Search for this title in:
    Other Libraries (WorldCat) Other Databases (Google Scholar) Online Stores (Bookfinder.com) Open Library (openlibrary.org)

Exporting to Dublin Core...

SOUTHVILLE LIBRARY

Southville International School and Colleges Library

1281 Tropical Ave. Cor. Luxembourg St., BF Homes International, Las Pinas City

Tel. No. 8256374 / 252358 Loc. 117/146

Powered by Koha